Movies Quiz

Random Movies Quiz

Movie Coaches by Picture Quiz Stats

 Plays Quiz Updated May 8, 2015

Challenge
Share
Tweet
Score 0/20 Timer 07:00
0 Plays Today
# Movie % Correct
6A League of Their Own
83.9%
10Remember the Titans
81.8%
5The Mighty Ducks
80.8%
19Bad News Bears
76.5%
8The Waterboy
74.9%
18Miracle
71.6%
17Hoosiers
70.6%
11Bend it Like Beckham
69.4%
4Major League
69.4%
14Coach Carter
68.8%
# Movie % Correct
1Any Given Sunday
68.6%
15We Are Marshall
66.3%
3Grease
63.9%
2Kicking and Screaming
62.3%
20Friday Night Lights
57.6%
13Slap Shot
54.1%
16Little Giants
52.9%
9Rookie of the Year
47.1%
12Mean Girls
35.4%
7Glory Road
29.5%

You're not logged in!

Compare scores with friends on all Sporcle quizzes.
OR
Log In

You Might Also Like...

Show Comments

Extras

Top Quizzes Today


Score Distribution

Your Account Isn't Verified!

In order to create a playlist on Sporcle, you need to verify the email address you used during registration. Go to your Sporcle Settings to finish the process.

Report this User

Report this user for behavior that violates our Community Guidelines.

Details: